|
|
|
|
| LEADER |
01275nam a2200289 a 4500 |
| 001 |
14495359 |
| 003 |
BD-DhAAL |
| 008 |
090721s2006 bg ab 000 0 eng d |
| 010 |
|
|
|a 2006414440
|
| 020 |
|
|
|a 9843232135
|
| 025 |
|
|
|a B-E-2006-414440; 23
|
| 040 |
|
|
|a DLC
|c DLC
|d BD-DhAAL
|
| 082 |
0 |
0 |
|a 330.9549/205
|2 22
|
| 245 |
0 |
0 |
|a Bangladesh, country assistance strategy 2006-2009.
|
| 260 |
|
|
|a Dhaka :
|b World Bank Office Dhaka,
|c 2006.
|
| 300 |
|
|
|a vi, 142 pages :
|b col. ill, map ;
|c 29 cm.
|
| 526 |
|
|
|x Salim khan
Sr. program Associate
James P. Grant School.
Course name and no. N/A
|
| 541 |
1 |
|
|a A H Development publishing house
|e 00018488
|
| 610 |
2 |
0 |
|a World Bank.
|b Bangladesh Dhaka Office.
|
| 650 |
|
0 |
|a Economic assistance
|z Bangladesh.
|
| 651 |
|
0 |
|a Bangladesh
|x Economic policy.
|
| 651 |
|
0 |
|a Bangladesh
|x Economic conditions.
|
| 710 |
2 |
|
|a World Bank.
|b Bangladesh Dhaka Office.
|
| 852 |
4 |
|
|a School of Public Health
|j General Shelf.
|
| 942 |
|
|
|2 ddc
|c BK
|
| 999 |
|
|
|c 2626
|d 2626
|
| 952 |
|
|
|0 0
|1 0
|2 ddc
|4 0
|6 330_954920500000000_BAN
|7 0
|9 2392
|a JPGSPH
|b JPGSPH
|d 2009-04-29
|e A H Development Publishing House.
|g 7800.00
|l 0
|o 330.9549205 BAN
|p 3060018488
|r 2009-07-21
|t 1
|w 2009-07-21
|y BK
|x Requisitioned by Salim khan, Sr. program Associate, James P. Grant School. Course name and no. N/A
|